00230nam a2200097Ia 4500008004100000100001700041245002800058260002200086942000700108999001700115190216s9999||||xx |||||||||||||| ||und|| aSankaran A V 0aPrayogika Resathanthram bKerala Basha Inst cBK c39172d39172